LEADER 00590nam a2200169 i 4500 001 000000216262 003 CaOOAMICUS 005 20121010000000.0 008 121010n it u000 u ita u 013 $a195143 040 $aSeMil$bita 245 10$a4. 300 $a505 p., [38] c. di tav. anche ripieg. :$bill., tav. geneal., c. geogr. 773 0 $aBelotti, Bortolo$tStoria di Bergamo e dei bergamaschi.$dBergamo : Bolis, 1959.$w()27511 850 $aSeMil 852 $aSeMil$W1$xVenegono$y1$m3P VI 19$j166681$B166681$CSeMilBibl$Z2$F177543 $81 996 $6245$a4$9(OLS)http://semarc/title/47131 LEADER 00465nab a2200145 i 4500 001 000000273869 003 CaOOAMICUS 005 20180831164944.0 008 180831n xx uu u0 0und r 013 $a22312 040 $aSeMil$bita 245 10$a[vedi periodico]. 500 $aJuillet-Septembre 2010. 773 0 $tFondations des lieux de culte.$dParis : Éd. de l'EHESS, copyr. 2010.$z978-2-7132-2255-9$w()193192 996 $6245$a[vedi periodico]$9(OLS)http://semarc/title/309439